Quiz sulla Siria - Statistics

Statistiche generali
  • Questo quiz è stato fatto 721 volte
  • Il punteggio medio è 12 su 20
Statistiche sulle risposte
Clue Risposta % Corretto
Lingua ufficiale Arabo
96%
Capitale della Siria Damasco
96%
Impero che controllava la Siria dal 1516 al 1918 Impero Ottomano
84%
Nomina uno dei due paesi che hanno sostenuto il governo siriano durante l'attuale guerra civile Iran | Russia
83%
Paese con cui la Siria condivide il suo confine più lungo Turchia
80%
"Califfato" che controllava una quantità significativa di territorio in Siria durante gli anni 2010 ISIS
76%
Paese europeo che aveva un "mandato" per sovrintendere alla Siria dal 1924 al 1946 Francia
75%
Anticamente la Siria faceva parte di quest'area, conosciuta anche come la "culla della civiltà". Mezzaluna {Fertile}
75%
Fiume che attraversa gran parte della Siria nel suo percorso verso il Golfo Persico Eufrate
68%
Antico regno mesopotamico da cui la Siria prende il nome Assiria
63%
Seconda città più popolosa Aleppo
60%
Specchio d'acqua confinante con la Siria Mar Mediterraneo
58%
Paese con cui la Siria è stata unita dal 1958 al 1961, formando la "Repubblica Araba Unita" Egitto
55%
Attuale leader della Siria Bashar al-Assad
47%
Area che Israele ha preso dalla Siria durante la Guerra dei Sei Giorni Alture del {Golan}
45%
Regione, che inizia con L, di cui la Siria fa parte Il {Levante}
38%
Valuta della Siria Sterlina Siriana
35%
Partito politico a cui appartiene quanto sopra Ba'ath
27%
Terza città più grande, precedentemente conosciuta come Emesa Homs
26%
Ramo minoritario dell'Islam a cui appartiene la classe dirigente della Siria A{lawita}
17%
Nessun quiz corrispondente trovato
Distribuzione punteggi
Percentuale di utenti per punteggio
Percentile per numero di risposta
I tuoi punteggi nel tempo
Non hai fatto questo quiz